书目信息 |
| 题名: |
达荷美史
|
|
| 作者: | 罗贝尔·科纳万 著 ;上海师范大学《达荷美史》翻译组 译 | |
| 分册: | 下册 | |
| 出版信息: | 上海 上海人民出版社 1976.10 |
|
| 页数: | 466-955页 | |
| 开本: | 20cm | |
| 丛书名: | ||
| 单 册: | ||
| 中图分类: | K443 | |
| 科图分类: | ||
| 主题词: | 非洲--历史 | |
| 电子资源: | ||
| ISBN: | ||
| 000 | 00764nam0 2200241 45 | |
| 001 | 0212170961 | |
| 005 | 20031219104102.3 | |
| 010 | @dCNY2.95 | |
| 091 | @a11171.134 | |
| 100 | @a20021217d1976 km y0chiy0120 ea | |
| 101 | 0 | @achi |
| 105 | @aa z 000yy | |
| 200 | 1 | @a达荷美史@ADa He Mei Shi@h下册@f(法)罗贝尔·科纳万著@F(Fa)Luo Bei Er·Ke Na Wan Zhu@g上海师范大学《达荷美史》翻译组译 |
| 210 | @a上海@c上海人民出版社@d1976.10 | |
| 215 | @a466-955页@c照片,图表@d20cm | |
| 300 | @a内部参考读物 | |
| 320 | @a索引 | |
| 606 | 0 | @a非洲@x历史 |
| 690 | @aK443@v3 | |
| 701 | 0 | @a罗贝尔·科纳万@4著 |
| 712 | 02 | @a上海师范大学《达荷美史》翻译组@AShang Hai Shi Fan Da Xue《Da He Mei Shi》Fan Yi Zu@4译 |
| 801 | @aCN@bTSTC@c20021217 | |
| 905 | @f1@b219152@dK443@e5:2 | |
| 达荷美史.下册/(法)罗贝尔·科纳万著/上海师范大学《达荷美史》翻译组译.-上海:上海人民出版社,1976.10 |
| 466-955页:照片,图表;20cm |
| 内部参考读物 |
| ISBN :CNY2.95 |
| ● |
| 相关链接 |
|
|
|
|
正题名:达荷美史
索取号:K443/5:2
 
预约/预借
| 序号 | 登录号 | 条形码 | 馆藏地/架位号 | 状态 | 备注 |
| 1 | 0219152 | 001736848 | 第二样本阅览室/ [索取号:K443/5:2] | 在馆 |